LEADER 01270nam0 22003613i 450 001 RML0231338 005 20231121125657.0 010 $a8437604184 100 $a20121106d1995 ||||0itac50 ba 101 | $aspa 102 $aes 181 1$6z01$ai $bxxxe 182 1$6z01$an 200 1 $aPedro Paramo$fJuan Rulfo$gedición de José Carlos González Boixo 205 $a11. ed 210 $aMadrid$cCátedra$d1995 215 $a198 p.$cill.$d18 cm 225 | $aLetras hispánicas$v189 300 $aTesto con introduzione e note 300 $aBibliogr. pp. 53-60. 410 0$1001CFI0146253$12001 $aLetras hispánicas$v189 676 $a863.64$9Narrativa spagnola. 1945-1999$v22 700 1$aRulfo$b, Juan$3CFIV097987$4070$0164536 702 1$aGonzález Boixo$b, José Carlos$3CFIV088868 790 1$aPérez Vizcaíno$b, Carlos$f <1918-1986>$3SBNV034056$zRulfo, Juan 801 3$aIT$bIT-01$c20121106 850 $aIT-FR0017 899 $aBiblioteca umanistica Giorgio Aprea$bFR0017 912 $aRML0231338 950 0$aBiblioteca umanistica Giorgio Aprea$d 52MAG 5 COLL Q 189$e 52FLS0000104075 VMN RS $fA $h20121106$i20121106 977 $a 52 996 $aPedro Paramo$994035 997 $aUNICAS LEADER 02930nam 2200757 450 001 9910780656903321 005 20231206233117.0 010 $a1-4426-7068-1 024 7 $a10.3138/9781442670686 035 $a(CKB)2430000000001435 035 $a(EBL)3255405 035 $a(OCoLC)923071834 035 $a(SSID)ssj0000375253 035 $a(PQKBManifestationID)11284785 035 $a(PQKBTitleCode)TC0000375253 035 $a(PQKBWorkID)10447936 035 $a(PQKB)11436838 035 $a(CaBNvSL)thg00600682 035 $a(DE-B1597)464165 035 $a(OCoLC)1013939014 035 $a(OCoLC)946712801 035 $a(DE-B1597)9781442670686 035 $a(Au-PeEL)EBL4671172 035 $a(CaPaEBR)ebr11256892 035 $a(OCoLC)804815610 035 $a(VaAlCD)20.500.12592/22wvb2 035 $a(schport)gibson_crkn/2009-12-01/6/418265 035 $a(MiAaPQ)EBC4671172 035 $a(MdBmJHUP)musev2_104401 035 $a(MiAaPQ)EBC3255405 035 $a(EXLCZ)992430000000001435 100 $a20160922h20022002 uy 0 101 0 $aeng 135 $aur|n|---||||| 181 $ctxt 182 $cc 183 $acr 200 00$aAfter poststructuralism $ewriting the intellectual history of theory /$fedited by Tilottama Rajan and Michael J. O'Driscoll 210 1$aToronto, [Canada] ;$aBuffalo, [New York] ;$aLondon, [England] :$cUniversity of Toronto Press,$d2002. 210 4$d©2002 215 $a1 online resource (353 p.) 300 $aDescription based upon print version of record. 311 $a0-8020-4791-2 320 $aIncludes bibliographical references and index. 327 $aSome theoretical and historical complications in Hegel's aesthetics of comedy / Stanley Corngold -- The double detour : Satre, Heidegger, and the genealogy of deconstruction / Tilottama Rajan -- The premodern condition : neo-primitivism in Baudrillard and Lyotard / Victor Li -- The sublime between history and theory : Hegel, de Man, and beyond / Ian Balfour. 330 $aTackles the issue of providing an intellectual history of theory, given the considerable continuity between theory and the history of ideas. The editors address this challenge with thirteen essays on a variety of theorists from Derrida to Zizek. 606 $aHistory$xPhilosophy 606 $aHistoriography$xHistory 606 $aHistory$xMethodology 606 $aTheory (Philosophy)$xHistory 608 $aHistory. 608 $aElectronic books. 615 0$aHistory$xPhilosophy. 615 0$aHistoriography$xHistory. 615 0$aHistory$xMethodology. 615 0$aTheory (Philosophy)$xHistory. 676 $a901 702 $aRajan$b Tilottama 702 $aO'Driscoll$b Michael J. 801 0$bMiAaPQ 801 1$bMiAaPQ 801 2$bMiAaPQ 906 $aBOOK 912 $a9910780656903321 996 $aAfter poststructuralism$93771850 997 $aUNINA